Normal view MARC view
  • Cifuentes, Pedro

Entry Nombre Personal

Number of records used in: 1

001 - NUMERO DE CONTROL

  • campo de control: 43749

003 - IDENTIFICADOR DE NUMERO DE CONTROL

  • campo de control: UPN

005 - FECHA Y HORA DE LA ÜLTIMA TRANSACCIÓN

  • campo de control: 20220215144715.0

008 - DATOS DE LONGITUD FIJA

  • campo de control de longitud fija: 220215|| acn||aabn | a|a d

040 ## - FUENTE DE CATALOGACIÓN

  • Agencia original de catalogación: UPN

100 1# - ENCABEZAMIENTO - NOMBRE PERSONAL

  • Nombre personal: Cifuentes, Pedro

374 ## - OCUPACIÓN

  • Occupation: Traductores
  • Source of information: LEMB

670 ## - FUENTE EN LA QUE SE LOCALIZARON DATOS

  • Cita de la fuente: LC Authorities, 2022
  • Información localizada: (Encabezamiento: Cifuentes, Pedro)
  • Uniform Resource Identifier: https://lccn.loc.gov/no2011166426